000 00710nab a22002297a 4500
001 11291
003 HDC
007 cr bn ---aaaaa
008 210128c20140929my ||||o |||| 00| 00eng d
040 _aHDC
245 0 _aIran celebrates World Tourism Day in Tehran
336 _atext
_2rdacontent
337 _acomputer
_2rdamedia
338 _aonline resource
_2rdacarrier
650 _aCulture
_911589
650 _aTourism
_zTehran
_911588
710 _aTehran Telegram
856 _zRequest full-text at [email protected]
942 _2lcc
942 _cNEWS
942 _kNWSO 001540
999 _c8614
_d8614